书目信息 |
| 题名: |
AutoCAD 2007基础教程
|
|
| 作者: | 李敏 编著 | |
| 分册: | ||
| 出版信息: | 成都 电子科技大学出版社 2007.09 |
|
| 页数: | 272页 | |
| 开本: | 26cm | |
| 丛书名: | ||
| 单 册: | ||
| 中图分类: | TP391.72 | |
| 科图分类: | ||
| 主题词: | 制图程序--zhi tu cheng xu--教材 | |
| 电子资源: | ||
| ISBN: | 978-7-81114-485-7 | |
| 000 | 00934nam0 2200265 450 | |
| 001 | 012008061197 | |
| 005 | 20080613092843.49 | |
| 010 | @a978-7-81114-485-7@dCNY25.00 | |
| 100 | @a20080613d2007 em y0chiy0120 ea | |
| 101 | 0 | @achi |
| 102 | @aCN@b510000 | |
| 105 | @aa z 000yy | |
| 106 | @ar | |
| 200 | 1 | @aAutoCAD 2007基础教程@AAutoCAD 2007 ji chu jiao cheng@f李敏编著@Fli min bian zhu |
| 210 | @a成都@c电子科技大学出版社@d2007.09 | |
| 215 | @a272页@c图@d26cm | |
| 300 | @a全国优秀畅销电脑培训教材中文版 | |
| 312 | @a其他题名取自封面 | |
| 330 | @a本书共分14章,内容包括:AutoCAD 2007的基本知识、绘制图形前的准备、精确绘图的辅助命令、使用图层管理图形、二维绘图命令和编辑命令的应用等。 | |
| 517 | 1 | @a基础·实例·上机@Aji chu·shi li·shang ji |
| 606 | 0 | @a制图程序@Azhi tu cheng xu@j教材 |
| 690 | @aTP391.72@v4 | |
| 701 | 0 | @a李敏@Ali min@4编著 |
| 801 | 0 | @aCN@bQSSK@c20080613 |
| 905 | @b727509-11@dTP391.72@eL215@f3 | |
| AutoCAD 2007基础教程/李敏编著.-成都:电子科技大学出版社,2007.09 |
| 272页:图;26cm |
| 全国优秀畅销电脑培训教材中文版 |
| ISBN 978-7-81114-485-7:CNY25.00 |
| 本书共分14章,内容包括:AutoCAD 2007的基本知识、绘制图形前的准备、精确绘图的辅助命令、使用图层管理图形、二维绘图命令和编辑命令的应用等。 |
| ● |
| 相关链接 |
|
|
|
正题名:AutoCAD 2007基础教程
索取号:TP391.72/L215
 
预约/预借
| 序号 | 登录号 | 条形码 | 馆藏地/架位号 | 状态 | 备注 |
| 1 | 727509 | 207275090 | 期刊室512/301自科库 68排6列2层/ [索取号:TP391.72/L215] | 在馆 | |
| 2 | 727510 | 207275107 | 自科二线404/404自科库 15排1列4层/ [索取号:TP391.72/L215] | 在馆 | |
| 3 | 727511 | 207275116 | 期刊室512/301自科库 68排6列2层/ [索取号:TP391.72/L215] | 在馆 |